[Event "2nd GMA World Cup prel  #3"]
[Site "Palma de Mallorca"]
[Date "1989.??.??"]
[Round "5"]
[White "Lerner, Konstantin"]
[Black "Mikhalchishin, Adrian"]
[Result "0-1"]
[WhiteElo "2530"]
[BlackElo "2475"]
[EventDate "1989.12.??"]
[PlyCount "122"]

1.d4 Nf6 2.c4 g6 3.Nc3 d5 4.Bg5 Ne4 5.Bh4 c5 6.e3 Qa5 7.Qb3 cxd4 8.exd4 
Bh6 9.Rd1 Nxc3 10.bxc3 Be6 11.Nf3 O-O 12.Be2 dxc4 13.Bxc4 Bxc4 14.Qxc4 Nd7
15.O-O e6 16.Qb3 Qa6 17.Ne5 Nxe5 18.dxe5 Rac8 19.Rd7 b6 20.Rfd1 Bf4 21.Be7
Rfe8 22.Re1 Bd2 23.Rd1 Bxc3 24.Bf6 Qe2 25.R7d3 Bxe5 26.Re3 Qxd1+ 27.Qxd1 
Bxf6 28.g3 Red8 29.Rd3 Rxd3 30.Qxd3 Kg7 31.a4 h5 32.Kg2 Rc5 33.h3 Rd5 34.
Qc2 a5 35.Qb3 Bd4 36.f4 Bc5 37.Kf3 Kg8 38.g4 hxg4+ 39.hxg4 Rd4 40.Qb5 Kf8 
41.Qc6 Kg7 42.g5 Rd3+ 43.Kg2 Rd2+ 44.Kf3 Rd3+ 45.Kg2 Rd6 46.Qb5 Rd5 47.
Qb2+ Kg8 48.Qc2 Bd6 49.Qc8+ Kg7 50.Qc4 Bc5 51.Kf3 Kg8 52.Qb5 Rf5 53.Ke4 
Bd6 54.Qxb6 Bxf4 55.Qd8+ Kh7 56.Qd3 Bxg5 57.Qd7 Kg7 58.Qc6 Bf6 59.Qc2 Re5+
60.Kf3 Rf5+ 61.Kg4 Rd5 0-1

[Event "2nd GMA World Cup prel  #3"]
[Site "Palma de Mallorca"]
[Date "1989.??.??"]
[Round "5"]
[White "Kindermann, Stefan"]
[Black "Lautier, Joel"]
[Result "1/2-1/2"]
[WhiteElo "2530"]
[BlackElo "2465"]
[EventDate "1989.12.??"]
[PlyCount "149"]

1.e4 c5 2.Nf3 e6 3.d4 cxd4 4.Nxd4 Nc6 5.Nb5 d6 6.Bf4 e5 7.Be3 Nf6 8.Bg5 
Be6 9.Bxf6 gxf6 10.Nd2 a6 11.Nc3 Qb6 12.Nc4 Qd4 13.Qxd4 Nxd4 14.Nb6 Rd8 
15.O-O-O f5 16.exf5 Bxf5 17.Bd3 Bxd3 18.Rxd3 f5 19.Ncd5 Kf7 20.c3 Ne6 21.
Kc2 Rg8 22.g3 h5 23.Rhd1 Ng5 24.Re3 Bh6 25.f4 Ne6 26.Re2 exf4 27.gxf4 Rge8
28.Rf2 Nc5 29.Nc4 Ne4 30.Rf3 Rg8 31.Nce3 Bf8 32.Rd4 Ke6 33.Rh3 Bg7 34.Rb4 
Nc5 35.Rxh5 Rh8 36.Nxf5 Rxh5 37.Nxg7+ Kxd5 38.Nxh5 Rh8 39.Nf6+ Ke6 40.Ng4 
Rh3 41.Kd2 b5 42.Ke2 Kf5 43.Ne3+ Ke6 44.Ng4 Kf5 45.Nf2 Rxh2 46.Kf3 Ne6 47.
a4 d5 48.axb5 axb5 49.Kg3 Rh8 50.Nd1 Nc7 51.Ne3+ Ke6 52.Nc2 Kf6 53.Rd4 Rh1
54.Ne3 Rb1 55.Rd2 Ke6 56.Kf3 Rh1 57.Rg2 Kf7 58.Ke2 Rh4 59.Rg7+ Kxg7 60.
Nf5+ Kf6 61.Nxh4 Na6 62.Kd3 b4 63.c4 Nc5+ 64.Kd4 dxc4 65.Kxc4 Na4 66.b3 
Nc3 67.Ng2 Na2 68.Ne3 Nc1 69.Ng2 Na2 70.Ne1 Kf5 71.Nd3 Ke4 72.Kc5 Kxd3 73.
f5 Nc3 74.Kxb4 Kd4 75.Ka5 1/2-1/2

[Event "2nd GMA World Cup prel  #3"]
[Site "Palma de Mallorca"]
[Date "1989.??.??"]
[Round "5"]
[White "Gruenfeld, Yehuda"]
[Black "Abramovic, Bosko"]
[Result "1-0"]
[WhiteElo "2530"]
[BlackElo "2465"]
[EventDate "1989.12.??"]
[PlyCount "57"]

1.e4 e5 2.Nf3 Nc6 3.Bb5 d6 4.O-O Bd7 5.c3 Nf6 6.Re1 Be7 7.d4 O-O 8.Ba4 Re8
9.Nbd2 Bf8 10.Bc2 g6 11.Nf1 Bg4 12.d5 Ne7 13.h3 Bd7 14.Bg5 Bg7 15.Qd2 Kh8 
16.N3h2 Nfg8 17.Ng3 Qc8 18.a4 a5 19.Be3 f5 20.f4 g5 21.fxe5 Bxe5 22.exf5 
h6 23.Bd4 Nxf5 24.Bxe5+ Rxe5 25.Rxe5 dxe5 26.Qd3 Nge7 27.Rf1 Ra6 28.Ng4 
Rg6 29.Nxe5 1-0

[Event "2nd GMA World Cup prel  #3"]
[Site "Palma de Mallorca"]
[Date "1989.??.??"]
[Round "5"]
[White "Kirov, Nino"]
[Black "Ubilava, Elizbar"]
[Result "1/2-1/2"]
[WhiteElo "2470"]
[BlackElo "2525"]
[EventDate "1989.12.??"]
[PlyCount "96"]

1.Nf3 c5 2.g3 Nc6 3.Bg2 g6 4.d4 cxd4 5.Nxd4 Bg7 6.Nb3 d6 7.O-O Be6 8.Nc3 
Bxc3 9.bxc3 Qd7 10.c4 Bxc4 11.Rb1 f6 12.Nc5 Qf5 13.Nxb7 Rc8 14.Ba3 d5 15.
e4 dxe4 16.Re1 Qd5 17.Rxe4 Qxd1+ 18.Rxd1 Ne5 19.f4 Nf7 20.Rde1 Kf8 21.Nc5 
Bxa2 22.c4 Nd6 23.Ne6+ Kf7 24.Bxd6 exd6 25.Ra1 f5 26.Ng5+ Kf8 27.Rd4 Bxc4 
28.Rxa7 Ne7 29.Rxd6 h6 30.Nf3 Bd5 31.Ne5 Rc1+ 32.Kf2 Rc2+ 33.Ke3 Rxg2 34.
Rd8+ Kg7 35.Rxe7+ Kf6 36.Rxd5 Kxe7 37.Nxg6+ Ke6 38.Re5+ Kf6 39.Nxh8 Rxh2 
40.Ra5 Kg7 41.Ra8 h5 42.Kd4 Rh3 43.Ke5 Rxg3 44.Ke6 Re3+ 45.Kxf5 Rg3 46.Ke5
Re3+ 47.Kf5 Rg3 48.Ke4 h4 1/2-1/2

[Event "2nd GMA World Cup prel  #3"]
[Site "Palma de Mallorca"]
[Date "1989.??.??"]
[Round "5"]
[White "Velimirovic, Dragoljub"]
[Black "Bagirov, Vladimir"]
[Result "1/2-1/2"]
[WhiteElo "2535"]
[BlackElo "2460"]
[EventDate "1989.12.??"]
[PlyCount "112"]

1.e4 Nf6 2.e5 Nd5 3.d4 d6 4.c4 Nb6 5.f4 dxe5 6.fxe5 c5 7.Nf3 cxd4 8.Qxd4 
Qxd4 9.Nxd4 Nc6 10.Nb5 Kd8 11.N1c3 Nxe5 12.Bf4 Nbd7 13.O-O-O f6 14.Be2 e6 
15.Bxe5 fxe5 16.Bf3 a6 17.Nd6 Bxd6 18.Rxd6 Ke7 19.Rhd1 Rb8 20.Ne4 Rf8 21.
Ng5 Nf6 22.Rb6 h6 23.Ne4 Nxe4 24.Bxe4 Rf4 25.Re1 Kd7 26.c5 Kc7 27.Re3 Bd7 
28.g3 Rf1+ 29.Kd2 Bb5 30.Rxe6 Rd8+ 31.Kc2 Rf2+ 32.Kc3 Rxh2 33.Rb6 Bc6 34.
Bxc6 bxc6 35.Rxe5 Rg2 36.Re7+ Rd7 37.Rb7+ Kxb7 38.Rxd7+ Kc8 39.Rxg7 h5 40.
Rg5 a5 41.a4 Kb7 42.b3 Rf2 43.b4 Rf3+ 44.Kc4 h4 45.Rg7+ Kb8 46.Rg8+ Kb7 
47.b5 Rxg3 48.bxc6+ Kxc6 49.Rc8+ Kb7 50.Rh8 h3 51.Rh7+ Kc6 52.Rh6+ Kc7 53.
Kb5 Rb3+ 54.Kxa5 Kb7 55.Rh5 Kc6 56.Ka6 Rg3 1/2-1/2

[Event "2nd GMA World Cup prel  #3"]
[Site "Palma de Mallorca"]
[Date "1989.??.??"]
[Round "5"]
[White "Lau, Ralf"]
[Black "Arnason, Jon"]
[Result "1/2-1/2"]
[WhiteElo "2470"]
[BlackElo "2520"]
[EventDate "1989.12.??"]
[PlyCount "92"]

1.e4 c5 2.Nf3 d6 3.d4 cxd4 4.Nxd4 Nf6 5.Nc3 Nc6 6.Bg5 e6 7.Qd2 a6 8.O-O-O 
Bd7 9.f4 Be7 10.Nf3 b5 11.Bxf6 gxf6 12.Kb1 Qb6 13.f5 O-O-O 14.g3 Kb8 15.
fxe6 fxe6 16.Bh3 Bc8 17.Qe1 Rhe8 18.Ne2 Ne5 19.Rf1 Nc4 20.Rd3 d5 21.exd5 
e5 22.Bxc8 e4 23.Be6 exd3 24.Ned4 dxc2+ 25.Kxc2 Bc5 26.Nc6+ Ka8 27.Nxd8 
Ne3+ 28.Kb1 Nxf1 29.Qxf1 Rxd8 30.Qh3 Qc7 31.Qh6 Qe7 32.Qf4 Bd6 33.Qe4 Qc7 
34.a3 Rb8 35.Qd3 Re8 36.Nd4 Qc5 37.Nf5 Be5 38.d6 Qg1+ 39.Ka2 Qf2 40.Qb3 
Rxe6 41.d7 Qd2 42.d8=Q+ Qxd8 43.Qxe6 Kb7 44.Ne7 Qd2 45.Qc6+ Ka7 46.Qc5+ 
Kb7 1/2-1/2

[Event "2nd GMA World Cup prel  #3"]
[Site "Palma de Mallorca"]
[Date "1989.??.??"]
[Round "5"]
[White "Lukov, Valentin"]
[Black "Vaiser, Anatoly"]
[Result "0-1"]
[WhiteElo "2435"]
[BlackElo "2555"]
[EventDate "1989.12.??"]
[PlyCount "74"]

1.Nf3 Nf6 2.c4 e6 3.g3 d5 4.Bg2 Be7 5.O-O O-O 6.d4 b6 7.Nc3 Bb7 8.Ne5 Na6 
9.cxd5 exd5 10.Bg5 Ne4 11.Bxe7 Qxe7 12.Qa4 Qe6 13.Rfd1 Rfd8 14.e3 c5 15.
Nd3 g5 16.dxc5 bxc5 17.Qb3 Qe7 18.Nxe4 dxe4 19.Ne5 Nb4 20.Ng4 Kg7 21.a3 
Nd3 22.Qc3+ f6 23.h3 h5 24.Nh2 Qe5 25.Qxe5 Nxe5 26.Bf1 c4 27.Rdc1 Bd5 28.
Be2 Rab8 29.Rc2 Nd3 30.Rb1 Rb6 31.Nf1 Rdb8 32.Nd2 Nxb2 33.Bxh5 Na4 34.Rcc1
c3 35.Rxb6 Rxb6 36.Nb1 c2 37.Nd2 Rb2 0-1

[Event "2nd GMA World Cup prel  #3"]
[Site "Palma de Mallorca"]
[Date "1989.??.??"]
[Round "5"]
[White "Ruban, Vadim"]
[Black "Naumkin, Igor"]
[Result "1-0"]
[WhiteElo "2515"]
[BlackElo "2470"]
[EventDate "1989.12.??"]
[PlyCount "105"]

1.d4 Nf6 2.c4 e6 3.Nf3 b6 4.g3 Bb7 5.Bg2 Be7 6.Nc3 O-O 7.O-O Ne4 8.Bd2 Bf6
9.Qc2 Nxd2 10.Qxd2 d6 11.Qc2 g6 12.e4 Nd7 13.Rad1 Bg7 14.d5 Qe7 15.Nb5 a6 
16.Nc3 Rae8 17.Rfe1 Qd8 18.b4 e5 19.Na4 Bc8 20.c5 b5 21.Nc3 f5 22.c6 Nf6 
23.exf5 Bxf5 24.Qb3 Bh6 25.h3 Bc8 26.Nd2 Bxd2 27.Rxd2 Rf7 28.a4 bxa4 29.
Qxa4 Ref8 30.Ra1 h6 31.Qc2 Kg7 32.Qd3 Nh7 33.Ne4 Ng5 34.Nxg5 Qxg5 35.h4 
Qf6 36.Be4 g5 37.h5 Qe7 38.Qc2 g4 39.Bd3 Qg5 40.Bxa6 Bf5 41.Bd3 Qxh5 42.
Bxf5 Qxf5 43.Qxf5 Rxf5 44.Ra7 R5f7 45.b5 Rb8 46.Rb2 Kf6 47.Rb4 Re7 48.Rb7 
Rg8 49.b6 h5 50.Rxc7 Rxc7 51.bxc7 Rc8 52.Rb8 Rxc7 53.Rd8 1-0

[Event "2nd GMA World Cup prel  #3"]
[Site "Palma de Mallorca"]
[Date "1989.??.??"]
[Round "5"]
[White "Savon, Vladimir"]
[Black "Barlov, Dragan"]
[Result "1/2-1/2"]
[WhiteElo "2465"]
[BlackElo "2520"]
[EventDate "1989.12.??"]
[PlyCount "169"]

1.Nf3 Nf6 2.c4 g6 3.g3 Bg7 4.Bg2 O-O 5.Nc3 d6 6.O-O c6 7.e4 e5 8.d4 Nbd7 
9.b3 Re8 10.h3 a6 11.d5 cxd5 12.cxd5 Nc5 13.Re1 Qa5 14.Bd2 Qc7 15.Bf1 a5 
16.a3 Bd7 17.Rb1 Rec8 18.Bg5 h6 19.Bxf6 Bxf6 20.Nb5 Qb6 21.a4 Na6 22.Qd2 
Bg7 23.Rec1 Rxc1 24.Rxc1 Rc8 25.Rxc8+ Bxc8 26.Qc3 Nc5 27.Nd2 Qd8 28.Qe3 b6
29.Nc4 Bf8 30.h4 h5 31.Kh2 Ba6 32.Nba3 Kh7 33.Qf3 Kg7 34.Nd2 Bc8 35.Nac4 
Kg8 36.Qe3 Bd7 37.Bh3 Be8 38.Na3 Kh7 39.Ndc4 Qf6 40.f3 Bh6 41.Qc3 Qd8 42.
Nb5 Bxb5 43.axb5 Bf8 44.b4 axb4 45.Qxb4 Qc7 46.Bf1 Be7 47.Qa3 Qb8 48.Bh3 
Kg8 49.Ne3 Bf8 50.Kg2 Qe8 51.Qb2 Qc8 52.Nc4 Qb8 53.Kh2 Be7 54.Qa3 Bf8 55.
Bf1 Qb7 56.Qe3 Qa7 57.Qa3 Qb8 58.Qe3 Qe8 59.Be2 Qxb5 60.Nxd6 Qb4 61.Nc4 
Nd7 62.Qd2 Qc5 63.Qe3 Qc7 64.Qb3 Qa7 65.Bf1 Qa1 66.Bg2 Bc5 67.Qb5 Nf6 68.
Qb2 Qg1+ 69.Kh3 Bd4 70.Qd2 b5 71.Nd6 Bc5 72.Nf5 Bf8 73.Qg5 Qb6 74.d6 Qd8 
75.Bf1 Kh7 76.Bxb5 gxf5 77.Qxf5+ Kh8 78.d7 Qe7 79.Qg5 Bg7 80.Qf5 Kg8 81.
Bc6 Kf8 82.Qxe5 Nxd7 83.Qxe7+ Kxe7 84.f4 Nf6 85.e5 1/2-1/2

[Event "2nd GMA World Cup prel  #3"]
[Site "Palma de Mallorca"]
[Date "1989.??.??"]
[Round "5"]
[White "Ochoa de Echaguen, Javier"]
[Black "Piket, Jeroen"]
[Result "1/2-1/2"]
[WhiteElo "2435"]
[BlackElo "2540"]
[EventDate "1989.12.??"]
[PlyCount "33"]

1.e4 c5 2.Nf3 d6 3.d4 cxd4 4.Nxd4 Nf6 5.Nc3 g6 6.g3 Nc6 7.Bg2 Nxd4 8.Qxd4 
Bg7 9.O-O O-O 10.Qb4 Rb8 11.a4 Ng4 12.Nd5 Ne5 13.Bg5 Nc6 14.Qa3 h6 15.Be3 
b6 16.Rad1 Bg4 17.f3 1/2-1/2

[Event "2nd GMA World Cup prel  #3"]
[Site "Palma de Mallorca"]
[Date "1989.??.??"]
[Round "5"]
[White "Mednis, Edmar"]
[Black "Schussler, Harry"]
[Result "1/2-1/2"]
[WhiteElo "2430"]
[BlackElo "2540"]
[EventDate "1989.12.??"]
[PlyCount "94"]

1.c4 c5 2.Nf3 Nc6 3.g3 e5 4.Nc3 g6 5.Bg2 Bg7 6.O-O d6 7.d3 Nge7 8.a3 O-O 
9.Rb1 a5 10.Bd2 Rb8 11.Qa4 Bd7 12.Nb5 Na7 13.Bxa5 Qe8 14.Bc7 Ra8 15.Qc2 
Bxb5 16.Bxd6 Bc6 17.Bxc5 Nac8 18.Bb4 Qd7 19.Bc3 Qe6 20.Ra1 Nd6 21.a4 h6 
22.b3 e4 23.dxe4 Bxc3 24.Qxc3 Nxe4 25.Qb2 Nf5 26.Rad1 Rfe8 27.e3 Ng5 28.
Nxg5 hxg5 29.Bd5 Bxd5 30.Rxd5 Qe4 31.Qf6 Qg4 32.Rd7 Rf8 33.f3 Qh3 34.Rd3 
g4 35.e4 Nxg3 36.hxg3 Qxg3+ 37.Kh1 Ra5 38.Rd5 Qh3+ 39.Kg1 Qg3+ 40.Kh1 Qh3+
41.Kg1 Rxd5 42.exd5 Qg3+ 43.Kh1 Qh3+ 44.Kg1 Re8 45.fxg4 Qg3+ 46.Kh1 Qh3+ 
47.Kg1 Qg3+ 1/2-1/2

[Event "2nd GMA World Cup prel  #3"]
[Site "Palma de Mallorca"]
[Date "1989.??.??"]
[Round "5"]
[White "Todorcevic, Miodrag"]
[Black "Romero Holmes, Alfonso"]
[Result "1-0"]
[WhiteElo "2530"]
[BlackElo "2430"]
[EventDate "1989.12.??"]
[PlyCount "75"]

1.e4 c5 2.d3 Nc6 3.g3 g6 4.Bg2 Bg7 5.f4 e6 6.Nf3 Nge7 7.O-O O-O 8.c3 d5 9.
e5 d4 10.c4 b5 11.cxb5 Nb4 12.Na3 a6 13.Ng5 Rb8 14.Ne4 axb5 15.Nxc5 Qb6 
16.Ne4 Nf5 17.Nc2 Nxc2 18.Qxc2 Bb7 19.Qe2 Rfd8 20.g4 Ne3 21.Bxe3 dxe3 22.
Rae1 Bxe4 23.Bxe4 f6 24.f5 exf5 25.gxf5 fxe5 26.fxg6 hxg6 27.Kh1 Rf8 28.
Rg1 Rf2 29.Qg4 Qf6 30.Rxe3 Rf4 31.Qd1 g5 32.Reg3 Bh6 33.Qb3+ Kh8 34.Qd5 
Rh4 35.Rf3 Rf4 36.Rh3 Rd8 37.Rxh6+ Qxh6 38.Qxd8+ 1-0

[Event "2nd GMA World Cup prel  #3"]
[Site "Palma de Mallorca"]
[Date "1989.??.??"]
[Round "5"]
[White "Tseitlin, Mikhail"]
[Black "Kovacevic, Vladimir"]
[Result "1-0"]
[WhiteElo "2445"]
[BlackElo "2515"]
[EventDate "1989.12.??"]
[PlyCount "121"]

1.d4 Nf6 2.c4 e6 3.Nc3 d5 4.cxd5 exd5 5.Bg5 Nbd7 6.e3 Be7 7.Bd3 c6 8.Qc2 
a5 9.Nf3 O-O 10.O-O Re8 11.Rae1 h6 12.Bf4 Nf8 13.h3 Be6 14.Bh2 Rc8 15.Ne5 
Qb6 16.Na4 Qa7 17.Nc5 Bxc5 18.dxc5 Ne4 19.Rc1 f6 20.Nf3 Bf7 21.Nd2 Nxd2 
22.Qxd2 Bg6 23.Be2 Ne6 24.Qc3 Kh7 25.Rfd1 Rcd8 26.h4 h5 27.Bg3 Rd7 28.Qa3 
Qa8 29.Rd2 Qd8 30.Bd6 b5 31.Bf3 a4 32.Qb4 Ra7 33.e4 dxe4 34.Bxe4 Qc8 35.
Re2 Nf8 36.Rce1 Rxe4 37.Rxe4 Bxe4 38.Qxe4+ Ng6 39.Re3 a3 40.b3 Qg4 41.Qxg4
hxg4 42.g3 Ra8 43.Kf1 Rd8 44.Ke2 Kh6 45.Re6 Kh5 46.Kd3 Ne5+ 47.Kc3 Nf3 48.
Re7 g5 49.hxg5 Nxg5 50.Kb4 Nh3 51.Rc7 f5 52.Rxc6 f4 53.Bxf4 Nxf4 54.gxf4 
Rd2 55.Kxa3 Rxf2 56.Rc8 Rxf4 57.c6 Rf7 58.Kb4 Rg7 59.Rh8+ Kg5 60.Kxb5 g3 
61.Rh1 1-0

[Event "2nd GMA World Cup prel  #3"]
[Site "Palma de Mallorca"]
[Date "1989.??.??"]
[Round "5"]
[White "Geller, Efim"]
[Black "Radulov, Ivan"]
[Result "1/2-1/2"]
[WhiteElo "2505"]
[BlackElo "2450"]
[EventDate "1989.12.??"]
[PlyCount "31"]

1.e4 e5 2.Nf3 Nc6 3.Bb5 g6 4.c3 Nge7 5.d4 exd4 6.cxd4 d5 7.Bg5 Bg7 8.exd5 
Qxd5 9.Nc3 Qd6 10.O-O O-O 11.d5 Ne5 12.Ne4 Qb4 13.Nxe5 Bxe5 14.Qa4 Nf5 15.
Nf6+ Kh8 16.Rfe1 1/2-1/2

[Event "2nd GMA World Cup prel  #3"]
[Site "Palma de Mallorca"]
[Date "1989.??.??"]
[Round "5"]
[White "Krasenkov, Mikhail"]
[Black "Hernandez Onna, Roman"]
[Result "1-0"]
[WhiteElo "2505"]
[BlackElo "2450"]
[EventDate "1989.12.??"]
[PlyCount "47"]

1.Nf3 c5 2.c4 Nf6 3.Nc3 Nc6 4.d4 cxd4 5.Nxd4 g6 6.e4 d6 7.Be2 Nxd4 8.Qxd4 
Bg7 9.Bg5 O-O 10.Qd2 Be6 11.Rc1 Qa5 12.f3 Rfc8 13.b3 a6 14.Na4 Qd8 15.c5 
Rc6 16.Kf2 Qf8 17.Qb4 Nd7 18.cxd6 Rxd6 19.Qxb7 Bd4+ 20.Be3 Rb8 21.Qc7 Qg7 
22.Rcd1 Bxe3+ 23.Kxe3 Rc8 24.Qxc8+ 1-0

[Event "2nd GMA World Cup prel  #3"]
[Site "Palma de Mallorca"]
[Date "1989.??.??"]
[Round "5"]
[White "Vasiukov, Evgeny"]
[Black "Gomez Esteban, Juan Mario"]
[Result "0-1"]
[WhiteElo "2515"]
[BlackElo "2440"]
[EventDate "1989.12.??"]
[PlyCount "170"]

1.e4 c5 2.Nf3 Nc6 3.Bb5 g6 4.O-O Bg7 5.Re1 e5 6.Bxc6 dxc6 7.d3 b6 8.Nbd2 
Be6 9.b3 f6 10.a4 Nh6 11.Bb2 O-O 12.Qe2 Rf7 13.a5 Rd7 14.Ra2 Nf7 15.Rea1 
b5 16.Ba3 Bf8 17.h3 Qe7 18.Qe3 Nd8 19.Nh2 h5 20.Kh1 Bf7 21.f4 b4 22.Bb2 
Bh6 23.g3 Ne6 24.Rf1 Nd4 25.Bxd4 cxd4 26.Qe2 f5 27.Raa1 exf4 28.gxf4 Qh4 
29.Qf3 fxe4 30.Nxe4 Bd5 31.Qg2 Bxf4 32.Nf3 Bxe4 33.Nxh4 Bxg2+ 34.Kxg2 Bg5 
35.Nf3 Be3 36.Ne5 Rd5 37.Nxc6 Rc5 38.Nxb4 Rb8 39.Ra4 Rbb5 40.Rf6 Kg7 41.
Rf1 Bd2 42.Na6 Rxc2 43.Rc4 Bc3+ 44.Kh1 Rxa5 45.Nc5 Raa2 46.Rd1 Rh2+ 47.Kg1
Rxh3 48.Ne4 Rhh2 49.Rc7+ Kh6 50.Rxa7 Rag2+ 51.Kf1 Rb2 52.Kg1 h4 53.Rf7 
Rhg2+ 54.Kf1 g5 55.Ra1 Ra2 56.Rxa2 Rxa2 57.Rf6+ Kh5 58.Rf5 Ra5 59.Rf8 Kg4 
60.Kg2 Ra2+ 61.Nf2+ Kh5 62.Kf3 Bd2 63.Rh8+ Kg6 64.Rb8 Ra1 65.Rb6+ Kf7 66.
Ne4 Be3 67.Kg4 Rg1+ 68.Kh3 Bf4 69.b4 Rd1 70.Kg4 Rxd3 71.Rb7+ Kg6 72.Rb6+ 
Kf7 73.Rb7+ Ke8 74.Nxg5 Bxg5 75.Kxg5 h3 76.Rh7 Re3 77.Kf4 Kd8 78.Rh5 Kc7 
79.Rc5+ Kb6 80.Rc2 Kb5 81.Rb2 Re8 82.Kg3 Rh8 83.Kh2 d3 84.Rb1 d2 85.Rd1 
Rd8 0-1

[Event "2nd GMA World Cup prel  #3"]
[Site "Palma de Mallorca"]
[Date "1989.??.??"]
[Round "5"]
[White "Panchenko, Alexander"]
[Black "Renet, Olivier"]
[Result "0-1"]
[WhiteElo "2430"]
[BlackElo "2515"]
[EventDate "1989.12.??"]
[PlyCount "120"]

1.e4 c5 2.Nf3 Nc6 3.c3 e6 4.d4 d5 5.exd5 exd5 6.Be2 Bd6 7.dxc5 Bxc5 8.O-O 
Nf6 9.Bg5 Be7 10.Nbd2 h6 11.Bh4 O-O 12.Nb3 g5 13.Bg3 Ne4 14.Nfd4 Bf6 15.
Bd3 Bg7 16.Qc2 f5 17.f3 Nxg3 18.hxg3 Qb6 19.Qf2 Ne5 20.Rad1 Bd7 21.Be2 Nc4
22.Bxc4 dxc4 23.Nc1 Rae8 24.Rfe1 a6 25.Kf1 Qc5 26.Nc2 Qxf2+ 27.Kxf2 Rxe1 
28.Rxe1 b5 29.Ne2 Re8 30.Rd1 Bc8 31.a4 bxa4 32.Na3 Bf8 33.Nxc4 Be6 34.Na3 
Rb8 35.Rd2 Bc5+ 36.Nd4 Kf7 37.Ke2 Bxd4 38.cxd4 Bd5 39.Kd3 Ke7 40.Nb1 Kd6 
41.Kc2 g4 42.Nc3 gxf3 43.Nxd5 fxg2 44.Rxg2 Kxd5 45.Rf2 Ke6 46.Rh2 Rh8 47.
Kd3 h5 48.Re2+ Kf6 49.d5 Kg5 50.Kd4 Kg4 51.Re3 f4 52.gxf4 h4 53.d6 h3 54.
Re1 h2 55.Rh1 Kxf4 56.Kd5 Kg3 57.d7 Kg2 58.Rxh2+ Kxh2 59.Kc6 Kg3 60.Kb7 
Kf4 0-1

[Event "2nd GMA World Cup prel  #3"]
[Site "Palma de Mallorca"]
[Date "1989.??.??"]
[Round "5"]
[White "Petrosian, Arshak"]
[Black "Reshevsky, Samuel"]
[Result "1/2-1/2"]
[WhiteElo "2490"]
[BlackElo "2430"]
[EventDate "1989.12.??"]
[PlyCount "129"]

1.Nf3 Nf6 2.d4 e6 3.c4 Bb4+ 4.Nbd2 b6 5.a3 Bxd2+ 6.Qxd2 Bb7 7.e3 d6 8.b4 
Nbd7 9.Bb2 O-O 10.Be2 Qe7 11.O-O Ne4 12.Qd3 f5 13.Nd2 Nxd2 14.Qxd2 Rf6 15.
f3 Rh6 16.Rf2 Qh4 17.g3 Qe7 18.Rc1 a5 19.c5 Bd5 20.cxb6 cxb6 21.bxa5 bxa5 
22.Bc3 Qd8 23.Bd3 Rf6 24.Rcf1 Qb6 25.e4 Bb3 26.Rb1 fxe4 27.Bxe4 d5 28.Bc2 
a4 29.Bxb3 axb3 30.Bb4 Rc8 31.Rxb3 Rc4 32.Rd3 e5 33.dxe5 Nxe5 34.Re3 Re6 
35.Qxd5 Rd4 36.Qb3 Nc4 37.Rxe6 Qxe6 38.Qc2 Ne3 39.Re2 Nxc2 40.Rxe6 Nxb4 
41.axb4 Rxb4 42.Re2 Kf7 43.Kf2 h5 44.h4 Rb3 45.Rd2 g6 46.Ke2 Kf6 47.Rd3 
Rb5 48.Rd8 Rb3 49.Rd6+ Kf5 50.Rd5+ Ke6 51.Rd3 Rb5 52.Ra3 Kf5 53.Kd3 Rd5+ 
54.Ke3 Rb5 55.Kd4 Rb1 56.Ra5+ Kf6 57.Rc5 Rg1 58.Rg5 Ra1 59.f4 Ra4+ 60.Ke3 
Ra3+ 61.Kf2 Ra2+ 62.Kf3 Ra3+ 63.Kg2 Ra2+ 64.Kh3 Rf2 65.Ra5 1/2-1/2

[Event "2nd GMA World Cup prel  #3"]
[Site "Palma de Mallorca"]
[Date "1989.??.??"]
[Round "5"]
[White "Rashkovsky, Nukhim"]
[Black "Rantanen, Yrjo"]
[Result "1/2-1/2"]
[WhiteElo "2520"]
[BlackElo "2380"]
[EventDate "1989.12.??"]
[PlyCount "101"]

1.d4 d5 2.Nf3 Nf6 3.c4 dxc4 4.e3 e6 5.Bxc4 a6 6.O-O c5 7.Qe2 Nc6 8.dxc5 
Bxc5 9.a3 Qe7 10.b4 Ba7 11.Bb2 O-O 12.Nbd2 e5 13.b5 axb5 14.Bxb5 Bb8 15.
Rfc1 Bd7 16.a4 Re8 17.Ng5 Na5 18.Rd1 Bc6 19.Bxc6 bxc6 20.Nge4 Nxe4 21.Nxe4
Qe6 22.Nc5 Qc4 23.Qxc4 Nxc4 24.Bc3 Bd6 25.Ne4 Bf8 26.g4 Ra6 27.a5 f6 28.
Ra4 Nb6 29.Ra2 Nd5 30.Be1 Nb4 31.Ra4 Rb8 32.Rb1 c5 33.Nd2 Rd8 34.Nc4 Kf7 
35.Kf1 Ke6 36.Ke2 g6 37.Bc3 Be7 38.Raa1 e4 39.Rd1 Rxd1 40.Rxd1 Ra8 41.Ra1 
Ra6 42.Rd1 Nd5 43.Be1 Nb4 44.f3 exf3+ 45.Kxf3 f5 46.gxf5+ gxf5 47.e4 fxe4+
48.Kxe4 Ra7 49.Bc3 Rd7 50.Ra1 Bf6 51.Bxf6 1/2-1/2

[Event "2nd GMA World Cup prel  #3"]
[Site "Palma de Mallorca"]
[Date "1989.??.??"]
[Round "5"]
[White "Ermenkov, Evgeny"]
[Black "Ghitescu, Theodor"]
[Result "1-0"]
[WhiteElo "2500"]
[BlackElo "2390"]
[EventDate "1989.12.??"]
[PlyCount "73"]

1.e4 c5 2.Nf3 e6 3.d4 cxd4 4.Nxd4 Nf6 5.Nc3 d6 6.Be2 Nc6 7.O-O Be7 8.Be3 
O-O 9.f4 Bd7 10.Nb3 Qc7 11.Bf3 Rfd8 12.Qe2 Be8 13.Rad1 a6 14.g4 b5 15.g5 
Nd7 16.Qf2 Rab8 17.Bg2 a5 18.Kh1 a4 19.Nc1 a3 20.bxa3 Na5 21.N1e2 Nc4 22.
Bc1 Nxa3 23.Bxa3 b4 24.Bb2 bxc3 25.Bxc3 Ra8 26.f5 Ne5 27.fxe6 fxe6 28.Bh3 
Qc4 29.Rd4 Qc8 30.Rd5 Bg6 31.Qd4 Rf8 32.Nf4 Rxf4 33.Rxf4 Ra3 34.Rxe5 Qxc3 
35.Bxe6+ Kh8 36.Qxc3 Rxc3 37.Rb5 1-0

[Event "2nd GMA World Cup prel  #3"]
[Site "Palma de Mallorca"]
[Date "1989.??.??"]
[Round "5"]
[White "San Segundo Carrillo, Pablo"]
[Black "Taimanov, Mark"]
[Result "1-0"]
[WhiteElo "2375"]
[BlackElo "2495"]
[EventDate "1989.12.??"]
[PlyCount "89"]

1.d4 Nf6 2.c4 g6 3.Nf3 Bg7 4.Nc3 O-O 5.e4 d6 6.h3 c6 7.Bd3 a6 8.O-O b5 9.
Re1 Ne8 10.Bg5 f6 11.Bh4 Nd7 12.Bf1 b4 13.Na4 Qc7 14.c5 dxc5 15.dxc5 Qa5 
16.Qc2 e5 17.Nd2 Kh8 18.Red1 Qc7 19.Nc4 a5 20.a3 Rb8 21.f3 Rf7 22.axb4 
axb4 23.Nd6 Nxd6 24.cxd6 Qb7 25.Rac1 Bh6 26.Ra1 Be3+ 27.Bf2 Qa7 28.Bc4 Rf8
29.Be6 f5 30.exf5 gxf5 31.Bxe3 Qxe3+ 32.Qf2 Qxf2+ 33.Kxf2 f4 34.Rac1 Rf6 
35.Bg4 h5 36.Bxh5 Nf8 37.Be8 Bf5 38.d7 Rd8 39.Nc5 Ne6 40.Nb7 Rb8 41.d8=Q 
Nxd8 42.Rxd8 Rxd8 43.Nxd8 Rf8 44.Nf7+ Kg7 45.Nd6 1-0

[Event "2nd GMA World Cup prel  #3"]
[Site "Palma de Mallorca"]
[Date "1989.??.??"]
[Round "5"]
[White "Gurgenidze, Bukhuti"]
[Black "Kaidanov, Grigory"]
[Result "0-1"]
[WhiteElo "2360"]
[BlackElo "2500"]
[EventDate "1989.12.??"]
[PlyCount "76"]

1.e4 e5 2.Nf3 Nc6 3.Bb5 a6 4.Ba4 Nf6 5.Qe2 Be7 6.Bxc6 dxc6 7.b3 Nd7 8.Bb2 
Bd6 9.d3 O-O 10.Nbd2 Re8 11.h4 Nf8 12.Nc4 f6 13.h5 Ne6 14.g3 Bf8 15.Kf1 b5
16.Ne3 Nd4 17.Qd1 c5 18.Nh4 Be6 19.c3 Nc6 20.Kg2 Qd7 21.Qf3 Qf7 22.Rad1 
Rad8 23.Nhf5 Ne7 24.g4 Nc6 25.Rh3 h6 26.Nh4 Rd7 27.Rhh1 Rb8 28.Nef5 a5 29.
Bc1 a4 30.bxa4 b4 31.c4 Ra8 32.Be3 Rxa4 33.Qe2 Rd8 34.Rd2 Ra3 35.Rb1 Na5 
36.Qd1 Qd7 37.Rb3 Nxb3 38.axb3 Rda8 0-1

[Event "2nd GMA World Cup prel  #3"]
[Site "Palma de Mallorca"]
[Date "1989.??.??"]
[Round "5"]
[White "Voiska, Margarita"]
[Black "Illescas Cordoba, Miguel"]
[Result "0-1"]
[WhiteElo "2335"]
[BlackElo "2510"]
[EventDate "1989.12.??"]
[PlyCount "152"]

1.d4 Nf6 2.Nf3 e6 3.c4 Bb4+ 4.Bd2 a5 5.g3 d6 6.Bg2 Nbd7 7.O-O e5 8.Bxb4 
axb4 9.Qb3 c5 10.dxe5 dxe5 11.Nbd2 O-O 12.a3 bxa3 13.Rxa3 Rxa3 14.Qxa3 h6 
15.Ne1 Qe7 16.Nc2 e4 17.Ne3 Ne5 18.Nb1 Neg4 19.Nxg4 Bxg4 20.Qe3 Rd8 21.Nc3
Rd4 22.b3 Bd7 23.h3 Bc6 24.Rd1 Qd6 25.Ra1 Kh7 26.Ra5 Qe7 27.Kh2 g6 28.Nb5 
b6 29.Ra7 Rd7 30.Rxd7 Qxd7 31.Nc3 Qd4 32.Qxd4 cxd4 33.Na2 Kg7 34.Kg1 Bb7 
35.Kf1 Nd7 36.Nc1 f5 37.e3 dxe3 38.fxe3 Kf6 39.h4 Ke5 40.Ke1 Nf6 41.Bf1 
Ng4 42.Kd2 g5 43.hxg5 hxg5 44.Be2 Nf2 45.Bf1 Bc6 46.Bg2 Be8 47.Ke2 Ng4 48.
Na2 Bh5 49.Kd2 Nf6 50.Ke1 Ng4 51.Kd2 Nf6 52.Ke1 Bf3 53.Bf1 Ng4 54.Kd2 Nf2 
55.Nc3 Nh1 56.Na4 Nxg3 57.Ke1 Nxf1 58.Kxf1 Bd1 59.Nxb6 Bxb3 60.c5 Be6 61.
Kf2 f4 62.Ke2 Kf5 63.c6 Kg4 64.Kf2 Kh3 65.c7 Kh2 66.Nd5 g4 67.Nxf4 g3+ 68.
Kf1 Bc8 69.Ne2 Ba6 70.Ke1 Kg2 71.Nd4 Bc8 72.Ne2 Kf3 73.Ng1+ Kg2 74.Ne2 Bb7
75.Nd4 Ba6 76.Nf5 Kh2 0-1

[Event "2nd GMA World Cup prel  #3"]
[Site "Palma de Mallorca"]
[Date "1989.??.??"]
[Round "5"]
[White "Lalic, Bogdan"]
[Black "Izeta Txabarri, Felix"]
[Result "1-0"]
[WhiteElo "2500"]
[BlackElo "2340"]
[EventDate "1989.12.??"]
[PlyCount "103"]

1.Nf3 Nf6 2.c4 c5 3.Nc3 Nc6 4.g3 d5 5.cxd5 Nxd5 6.Bg2 Nc7 7.O-O e5 8.a3 
Be7 9.b4 O-O 10.Rb1 Bf5 11.d3 c4 12.e4 Be6 13.b5 Na5 14.d4 exd4 15.Nxd4 
Bc5 16.Be3 Nb3 17.Nxe6 Nxe6 18.Bxc5 Nexc5 19.Qe2 Qd3 20.Qxd3 Nxd3 21.Rfd1 
Rfd8 22.e5 Nbc5 23.f4 g5 24.fxg5 Nxe5 25.Re1 Ned3 26.Rf1 Rd6 27.Bd5 Ne5 
28.Rf5 Re8 29.Rbf1 Re7 30.Bxf7+ Rxf7 31.Rxe5 Rxf1+ 32.Kxf1 b6 33.Ke2 Rd3 
34.Re3 Kg7 35.h4 Kg6 36.g4 Rd4 37.Kf3 Rd3 38.Ne2 Kf7 39.Rxd3 Nxd3 40.Ke4 
Nf2+ 41.Kd4 Nxg4 42.Kxc4 Ne3+ 43.Kd3 Nf5 44.h5 Nd6 45.Nd4 Ke7 46.Nc6+ Kd7 
47.g6 hxg6 48.hxg6 Ke6 49.Nxa7 Ne8 50.Nc8 Nc7 51.a4 Nd5 52.Kd4 1-0